CHARAK SAMHITA (Record no. 8727)

MARC details
000 -LEADER
fixed length control field 00309nam a22001457a 4500
003 - CONTROL NUMBER IDENTIFIER
control field SGT
082 ## - DEWEY DECIMAL CLASSIFICATION NUMBER
Classification number 615.53
Item number C10S
100 ## - MAIN ENTRY--PERSONAL NAME
Personal name SHARMA, ANANTRAM
245 ## - TITLE STATEMENT
Title CHARAK SAMHITA
250 ## - EDITION STATEMENT
Edition statement 1ST
260 ## - PUBLICATION, DISTRIBUTION, ETC. (IMPRINT)
Place of publication, distribution, etc VARANASI
Name of publisher, distributor, etc CHAUKHAMBHA PUB
Year of Publication 2010
300 ## - PAGE DESCRIPTION
No. of Pages 392
650 ## - SUBJECT ADDED ENTRY--TOPICAL TERM
Topical term or geographic name as entry element CHARAK SAMHITA
942 ## - ADDED ENTRY ELEMENTS (KOHA)
Source of classification or shelving scheme Dewey Decimal Classification
Koha item type Books
942 ## - ADDED ENTRY ELEMENTS (KOHA)
-- 5
Holdings
Withdrawn status Lost status Source of classification or shelving scheme Damaged status Use restrictions Not for loan Collection code Home library Current library Shelving location Date acquired Vendor Name Cost, normal purchase price SGTU Bill Number Total Checkouts Full call number Accession No. (Barcode) Date last seen Date last borrowed Bill Date Koha item type Total Renewals
    Dewey Decimal Classification   Restricted Access   AYURVEDA SGT FA-FP Library SGT FA-FP Library Reference Book 02/04/2016 CHAUKHAMBHA 190.00 SGTU 1079 15 615.53 C10S FA4971 12/02/2021 25/04/2019 10/02/2016 Books  
  Lost and Paid For Dewey Decimal Classification       AYURVEDA SGT FA-FP Library SGT FA-FP Library Text Book 02/04/2016 CHAUKHAMBHA 190.00 SGTU 1079 32 615.53 C10S FA4972 24/04/2019 17/04/2019 10/02/2016 Books  
    Dewey Decimal Classification       AYURVEDA SGT FA-FP Library SGT FA-FP Library Text Book 02/04/2016 CHAUKHAMBHA 190.00 SGTU 1079 29 615.53 C10S FA4973 01/03/2025 01/03/2025 10/02/2016 Books 1